| 000 | 01779aam a22004691i 4500 | ||
|---|---|---|---|
| 999 |
_c2242 _d2242 |
||
| 001 | 018523134 | ||
| 003 | Uk | ||
| 005 | 20230405092123.0 | ||
| 006 | m || d | | ||
| 007 | cr ||||||||||| | ||
| 008 | 141001s2012 enka jo 000 1 eng d | ||
| 015 |
_aGBB7H9049 _2bnb |
||
| 020 | _a9780440864141 | ||
| 037 |
_aTheRandomHouseGroup158060 _bIngram Content Group |
||
| 040 |
_aTEFOD _beng _cTEFOD _dOCLCQ _dTEFOD _dUk _dKH8 _erda _epn |
||
| 042 | _aukblsr | ||
| 082 | 0 | 4 |
_a823.914 WIL _222 |
| 100 | 1 |
_aWilson, Jacqueline. _eauthor |
|
| 245 | 1 | 0 |
_aJacqueline Wilson's double decker / _cillustrated by Nick Sharratt and Sue Heap. |
| 264 | 1 |
_aLondon : _bCorgi Yearling, _c2012. |
|
| 300 |
_a375 pages _billustrations. |
||
| 336 |
_atext _2rdacontent |
||
| 337 |
_acomputer _2rdamedia |
||
| 338 |
_aonline resource _2rdacarrier |
||
| 505 | 0 | _aBad girls. Originally published: London: Doubleday, 1996 -- Double act. Originally published: London: Doubleday, 1995. | |
| 588 | 0 | _aPrint version record. | |
| 650 | 7 |
_aJUVENILE FICTION / Family / General _2bisacsh |
|
| 650 | 0 |
_aGirls _vJuvenile fiction. |
|
| 650 | 0 | _aChildren's stories, English. | |
| 650 | 7 |
_aChildren's stories, English. _2fast _0(OCoLC)fst00856704 |
|
| 650 | 7 |
_aGirls. _2fast _0(OCoLC)fst00942866 |
|
| 650 | 7 |
_aPersonal & social issues: family issues (Children's / Teenage) _2bicssc |
|
| 650 | 7 |
_aPersonal & social issues: truancy & school problems (Children's / Teenage) _2bicssc |
|
| 655 | 4 | _aElectronic books. | |
| 655 | 7 |
_aFiction. _2fast _0(OCoLC)fst01423787 |
|
| 655 | 7 |
_aJuvenile works. _2fast _0(OCoLC)fst01411637 |
|
| 700 | 1 |
_aSharratt, Nick. _eillustrator |
|
| 700 | 1 |
_aWilson, Jacqueline. _tDouble act. |
|
| 700 | 1 |
_aWilson, Jacqueline. _tBad girls. |
|
| 942 |
_2ddc _cNFIC |
||